书目信息 |
| 题名: |
纺织品艺术设计
|
|
| 作者: | 崔唯 , 肖彬 主编 | |
| 分册: | ||
| 出版信息: | 北京 中国纺织出版社 2016.9 |
|
| 页数: | 164页 | |
| 开本: | 29cm | |
| 丛书名: | ||
| 单 册: | ||
| 中图分类: | J523.1 | |
| 科图分类: | ||
| 主题词: | 纺织品--工艺美术--高等学校--教材 | |
| 电子资源: | ||
| ISBN: | 978-7-5180-2874-0 | |
| 000 | 01021nam0 2200277 45 | |
| 001 | 490073 | |
| 005 | 20140817170425.0 | |
| 010 | @a978-7-5180-2874-0@dCNY68.00 | |
| 099 | @aCAL 012016128446 | |
| 100 | @a20161025d2016 em y0chiy0110 ea | |
| 101 | 0 | @achi |
| 102 | @aCN@b110000 | |
| 105 | @aa a 000yy | |
| 106 | @ar | |
| 200 | 1 | @a纺织品艺术设计@Afang zhi pin yi shu she ji@f崔唯, 肖彬主编 |
| 210 | @a北京@c中国纺织出版社@d2016.9 | |
| 215 | @a164页@c彩图@d29cm | |
| 300 | @a“十二五”普通高等教育本科国家级规划教材 | |
| 320 | @a有书目 (第163页) | |
| 330 | @a本书是一部以纺织品艺术设计为教学、创作和研究对象的专业书籍。该书在包含了传统纺织品艺术设计领域的主要范畴,如地毯、室内纺织品整体设计、纤维艺术等的同时,还对近年来国内外纺织领域新兴的数码印花设计、创意织物设计、旅游纺织纪念品设计等。 | |
| 606 | 0 | @a纺织品@x工艺美术@x高等学校@j教材 |
| 690 | @aJ523.1@v5 | |
| 701 | 0 | @a崔唯@Acui wei@4主编 |
| 701 | 0 | @a肖彬@Axiao bin@4主编 |
| 801 | @aCN@b江苏凤凰@c20211018 | |
| 905 | @b1355521-4@dJ523.1@e643@f4 | |
| 纺织品艺术设计/崔唯, 肖彬主编.-北京:中国纺织出版社,2016.9 |
| 164页:彩图;29cm |
| “十二五”普通高等教育本科国家级规划教材 |
| ISBN 978-7-5180-2874-0:CNY68.00 |
| 本书是一部以纺织品艺术设计为教学、创作和研究对象的专业书籍。该书在包含了传统纺织品艺术设计领域的主要范畴,如地毯、室内纺织品整体设计、纤维艺术等的同时,还对近年来国内外纺织领域新兴的数码印花设计、创意织物设计、旅游纺织纪念品设计等。 |
| ● |
| 相关链接 |
|
|
|
|
正题名:纺织品艺术设计
索取号:J523.1/643
 
预约/预借
| 序号 | 登录号 | 条形码 | 馆藏地/架位号 | 状态 | 备注 |
| 1 | 1355521 | 213555213 | 第一样本阅览室/ [索取号:J523.1/643] | 在馆 | |
| 2 | 1355522 | 213555222 | 第一借阅区/ [索取号:J523.1/643] | 在馆 | |
| 3 | 1355523 | 213555231 | 第一借阅区/ [索取号:J523.1/643] | 在馆 | |
| 4 | 1355524 | 213555240 | 第一借阅区/ [索取号:J523.1/643] | 在馆 |